| 000 | 00655nam a22002177a 4500 | ||
|---|---|---|---|
| 005 | 20251108172527.0 | ||
| 008 | 250721s1997 xx 000 0 ara d | ||
| 082 | 1 | 4 | _a617.6003/كوب |
| 100 | 1 | _aكولبي، | |
| 245 | 1 | 0 | _aأطلس المصور لعلم أمراض الفم / |
| 250 | _aط4. | ||
| 264 | 1 |
_aالرياض : _bجامعة الملك سعود، _c1997. |
|
| 300 | _a209ص. | ||
| 650 | 1 | 7 | _aأمراض الأسنان |
| 650 | 1 | 7 | _aأمراض الفم |
| 650 | 1 | 7 | _aالموسوعات |
| 700 | 1 | _aروبنسون، مؤلف مشارك | |
| 700 | 1 |
_aعطار، ظافر أحمد _eمترجم |
|
| 942 |
_2ddc _cBK |
||
| 999 |
_c81647 _d81647 |
||